[Event "PRO League Group Stage"]
[Site "chess.com INT"]
[Date "2020.01.13"]
[Round "2"]
[White "Shankland, Sam"]
[Black "Bruzon Batista, Lazaro"]
[Result "1/2-1/2"]
[WhiteTitle "GM"]
[BlackTitle "GM"]
[WhiteElo "2683"]
[BlackElo "2640"]
[WhiteTeam "California Unicorns"]
[BlackTeam "Chicago Wind"]
[WhiteFideId "2004887"]
[BlackFideId "3503739"]
[EventDate "2020.01.06"]

1. e4 e5 2. Nf3 Nc6 3. Bb5 Nf6 4. d3 Bc5 5. Nbd2 d6 6. c3 O-O 7. O-O Bb6 8. Ba4
Ne7 9. Bc2 c6 10. h3 Ng6 11. Re1 Re8 12. Nf1 d5 13. Bg5 h6 14. Be3 Be6 15. a4
dxe4 16. dxe4 Bxe3 17. Nxe3 Qb6 18. b4 Rad8 19. Qc1 Qc7 20. Nf5 Bxf5 21. exf5
Nf4 22. Qe3 e4 23. Nd4 N4d5 24. Qd2 a6 25. Bb3 e3 26. fxe3 Ne4 27. Qb2 Qg3 28.
Bxd5 Rxd5 29. Re2 Rde5 30. Rf1 Ng5 31. Kh1 Rxe3 32. Rxe3 Qxe3 33. f6 g6 34. a5
Qd3 35. Qc1 Kh7 36. Re1 Rxe1+ 37. Qxe1 Ne4 38. Nf3 Qd5 39. Qe3 g5 40. Qb6 Ng3+
41. Kh2 Ne2 42. Qxb7 Qd6+ 43. Kh1 Qd1+ 44. Kh2 Qd6+ 45. Kh1 Qd1+ 46. Kh2 1/2-1/2

[Event "PRO League Group Stage"]
[Site "chess.com INT"]
[Date "2020.01.13"]
[Round "2"]
[White "Sarana, Alexey"]
[Black "Shimanov, Aleksandr"]
[Result "1-0"]
[WhiteTitle "GM"]
[BlackTitle "GM"]
[WhiteElo "2656"]
[BlackElo "2587"]
[WhiteTeam "California Unicorns"]
[BlackTeam "Chicago Wind"]
[WhiteFideId "24133795"]
[BlackFideId "4198603"]
[EventDate "2020.01.06"]

1. e4 c6 2. d4 d5 3. e5 Bf5 4. Nf3 e6 5. Be2 c5 6. Be3 Qb6 7. Nc3 Nc6 8. O-O c4
9. Na4 Qd8 10. c3 b5 11. Nc5 Bxc5 12. dxc5 Nge7 13. Nd4 Nxd4 14. Qxd4 Nc6 15.
Qf4 Qc7 16. a4 bxa4 17. Bd1 O-O 18. Bxa4 Nxe5 19. Bd4 f6 20. Rfe1 Rf7 21. f3 Nd3
22. Qd2 Nxe1 23. Rxe1 e5 24. Bf2 Rd8 25. b4 cxb3 26. Bxb3 Qc6 27. f4 exf4 28.
Qxf4 Be4 29. Ra1 Rb7 30. Ba4 Qc7 31. Qxc7 Rxc7 32. c6 Rdc8 33. Bd4 a6 34. Ra2
Bd3 35. Rb2 Bb5 36. Bxb5 axb5 37. Rxb5 Rxc6 38. Rxd5 R6c7 39. Rb5 Kf7 40. Kf2
Ra8 41. g4 Ra2+ 42. Kg3 Ra6 43. h4 Ke6 44. g5 Kf7 45. gxf6 gxf6 46. Kf4 Ra1 47.
h5 Rf1+ 48. Kg3 Kg7 49. Kg2 Rd1 50. Kf3 Kf7 51. Ke2 Rh1 52. Kf3 Ke6 53. Kg2 Rh4
54. Rb6+ Kf5 55. Rxf6+ Kg5 56. Kg3 Rg4+ 57. Kf3 Kh4 58. h6 Kh3 59. Rf5 Rc6 60.
Be3 Rh4 61. Rf7 Rxc3 62. Rxh7 Rh5 63. Re7 Rc6 64. h7 Rf6+ 65. Ke4 Rf8 66. Bd4
Rh4+ 67. Ke3 Kg4 68. Rg7+ Kh3 69. Rg8 Rxh7 70. Rxf8 Kg4 71. Ke4 Kg5 72. Rg8+ Kh4
73. Bf6+ Kh3 74. Kf3 Kh2 75. Be5+ Kh3 76. Rg1 Rf7+ 77. Bf4 1-0

[Event "PRO League Group Stage"]
[Site "chess.com INT"]
[Date "2020.01.13"]
[Round "2"]
[White "Robson, Ray"]
[Black "Swiercz, Dariusz"]
[Result "1/2-1/2"]
[WhiteTitle "GM"]
[BlackTitle "GM"]
[WhiteElo "2673"]
[BlackElo "2659"]
[WhiteTeam "Chicago Wind"]
[BlackTeam "California Unicorns"]
[WhiteFideId "2023970"]
[BlackFideId "1126881"]
[EventDate "2020.01.06"]

1. e4 e5 2. Nf3 Nc6 3. Bb5 a6 4. Ba4 d6 5. Bxc6+ bxc6 6. d4 exd4 7. Nxd4 c5 8.
Nc6 Qd7 9. Na5 Qa4 10. Qd5 Rb8 11. Qc6+ Qxc6 12. Nxc6 Rb6 13. Na5 g6 14. Nc3 Ne7
15. b3 Bg7 16. Bb2 O-O 17. O-O-O Be6 18. Rhe1 Nc6 19. Nxc6 Rxc6 20. Nd5 Bxb2+
21. Kxb2 Kg7 22. f4 c4 23. Ne3 f6 24. g4 a5 25. Rd4 Rb8 26. Nd5 Bxg4 27. e5 fxe5
28. fxe5 Bf5 29. exd6 cxb3 30. cxb3 Rxd6 31. Re7+ Kh6 32. Rxc7 Rbd8 33. Rc5 Be6
34. Rxa5 Rxd5 35. Raxd5 Rxd5 36. Rxd5 Bxd5 37. a4 Kg5 38. b4 Kf6 39. Kc3 Ke5 40.
b5 g5 41. a5 h5 42. b6 Bb7 43. Kc4 Kd6 44. Kb5 Kd7 45. a6 Bf3 46. Kc5 Kc8 47.
Kd4 h4 48. Ke5 g4 49. Kf4 h3 50. Kg3 Kb8 51. Kf4 Be2 52. a7+ Kb7 53. Kg3 Bf3 54.
Kf4 Ka8 55. Kg3 Kb7 56. Kf4 Bd1 57. Kg3 Be2 58. Kf4 Bf3 59. Kg3 Kxb6 60. a8=Q
Bxa8 61. Kxg4 Bg2 62. Kg3 Kc5 63. Kf2 Kd4 64. Kg1 Ke4 65. Kf2 Kf4 66. Kg1 Bf3
67. Kf2 Kg4 68. Kg1 Be4 69. Kf2 Kf4 70. Kg1 Ke3 71. Kf1 Bd3+ 72. Kg1 Ke2 73. Kh1
Be4+ 74. Kg1 Bf5 75. Kh1 Bh7 76. Kg1 Bg8 77. Kh1 Be6 78. Kg1 Bc4 79. Kh1 Kf3 80.
Kg1 Bd5 81. Kf1 Be6 82. Kg1 Bc4 83. Kh1 Ba6 84. Kg1 Bb7 85. Kf1 Ke3 86. Kg1 Ke2 1/2-1/2

[Event "PRO League Group Stage"]
[Site "chess.com INT"]
[Date "2020.01.13"]
[Round "2"]
[White "Nyzhnyk, Illya"]
[Black "Naroditsky, Daniel"]
[Result "0-1"]
[WhiteTitle "GM"]
[BlackTitle "GM"]
[WhiteElo "2662"]
[BlackElo "2621"]
[WhiteTeam "Chicago Wind"]
[BlackTeam "California Unicorns"]
[WhiteFideId "14118084"]
[BlackFideId "2026961"]
[EventDate "2020.01.06"]

1. c4 e5 2. Nc3 Bb4 3. Nf3 Nc6 4. Qc2 Nf6 5. e3 Bxc3 6. Qxc3 d6 7. d3 O-O 8. Be2
Re8 9. O-O Bg4 10. Re1 e4 11. dxe4 Nxe4 12. Qc2 Qf6 13. h3 Bh5 14. Bd1 Bg6 15.
Qe2 Nc5 16. Bc2 Bh5 17. g4 Bg6 18. Kg2 Nb4 19. Bxg6 fxg6 20. Rd1 Rf8 21. Ne1
Rae8 22. f3 Qh4 23. a3 Nc6 24. b4 Ne6 25. e4 Ne5 26. Be3 Nf4+ 27. Bxf4 Rxf4 28.
Rac1 Ref8 29. Rc3 h5 30. Qf2 Qg5 31. Qg3 h4 32. Qh2 Qf6 33. Qg1 Nxf3 34. e5 Qxe5
35. Re3 Nxg1 0-1

[Event "PRO League Group Stage"]
[Site "chess.com INT"]
[Date "2020.01.13"]
[Round "2"]
[White "Nyzhnyk, Illya"]
[Black "Shankland, Sam"]
[Result "1-0"]
[WhiteTitle "GM"]
[BlackTitle "GM"]
[WhiteElo "2662"]
[BlackElo "2683"]
[WhiteTeam "Chicago Wind"]
[BlackTeam "California Unicorns"]
[WhiteFideId "14118084"]
[BlackFideId "2004887"]
[EventDate "2020.01.06"]

1. Nf3 d5 2. g3 g6 3. Bg2 Bg7 4. d4 Nf6 5. O-O O-O 6. c4 c6 7. cxd5 cxd5 8. Nc3
Nc6 9. Ne5 Bf5 10. Nxc6 bxc6 11. Bf4 Nd7 12. Na4 e5 13. dxe5 Nxe5 14. Rc1 Rc8
15. b3 Re8 16. Qd2 Bf8 17. Nc5 Nd7 18. Nb7 Qf6 19. Be3 Qe6 20. Qa5 c5 21. Nxc5
Nxc5 22. Bxc5 Bxc5 23. Rxc5 Rxc5 24. Qxc5 Qxe2 25. Qxa7 Qd2 26. a4 Re1 27. h4 d4
28. a5 d3 29. a6 Rxf1+ 30. Bxf1 Qe1 31. Qb8+ Kg7 32. a7 d2 33. a8=Q d1=Q 34.
Qf8+ Kf6 35. Qh8+ Ke7 36. Qae8+ Kd6 37. Qhf8+ Kd5 38. Qb5+ Kd4 39. Qbc5+ Ke4 40.
Qa8+ 1-0

[Event "PRO League Group Stage"]
[Site "chess.com INT"]
[Date "2020.01.13"]
[Round "2"]
[White "Robson, Ray"]
[Black "Sarana, Alexey"]
[Result "0-1"]
[WhiteTitle "GM"]
[BlackTitle "GM"]
[WhiteElo "2673"]
[BlackElo "2656"]
[WhiteTeam "Chicago Wind"]
[BlackTeam "California Unicorns"]
[WhiteFideId "2023970"]
[BlackFideId "24133795"]
[EventDate "2020.01.06"]

1. e4 c5 2. Nf3 d6 3. d4 cxd4 4. Nxd4 Nf6 5. Nc3 a6 6. Be3 e5 7. Nb3 Be6 8. f3
Nbd7 9. Qd2 Be7 10. O-O-O b5 11. g4 O-O 12. g5 Nh5 13. Nd5 Bxd5 14. exd5 f6 15.
g6 hxg6 16. Na5 Kh7 17. Nc6 Qe8 18. Qb4 f5 19. Kb1 Nb8 20. Na5 Nd7 21. Rg1 Bd8
22. Nc6 Rf6 23. Nxd8 Qxd8 24. Bg5 Qb6 25. Bxf6 Ndxf6 26. Rg2 Nf4 27. Rgd2 Rb8
28. c4 Rb7 29. cxb5 axb5 30. a3 Nd7 31. Ka2 Nc5 32. Rc1 Rb8 33. Rdd1 Kg8 34. Kb1
Qa7 35. Rc2 Qa4 36. Qxa4 bxa4 37. Bc4 Kf8 38. Ka2 Ke7 39. Rb1 g5 40. b4 axb3+
41. Bxb3 e4 42. fxe4 fxe4 43. Bc4 Ra8 44. Rb6 Ra7 45. Rc6 Ng6 46. Rb6 Ne5 47.
Rb8 g4 48. Bb3 Ned3 49. Rb6 e3 50. Bc4 Kf7 51. Bxd3 Nxd3 52. Kb3 e2 53. Rxe2
Nc1+ 54. Kb4 Nxe2 55. Rxd6 g3 56. hxg3 Nxg3 57. a4 Nf5 58. Rb6 Ne7 59. Rb5 Kf6
60. d6 Nf5 61. Rb6 Ke6 62. a5 Nxd6 63. a6 Kd5 64. Ka5 Nc4+ 0-1

[Event "PRO League Group Stage"]
[Site "chess.com INT"]
[Date "2020.01.13"]
[Round "2"]
[White "Swiercz, Dariusz"]
[Black "Shimanov, Aleksandr"]
[Result "1-0"]
[WhiteTitle "GM"]
[BlackTitle "GM"]
[WhiteElo "2659"]
[BlackElo "2587"]
[WhiteTeam "California Unicorns"]
[BlackTeam "Chicago Wind"]
[WhiteFideId "1126881"]
[BlackFideId "4198603"]
[EventDate "2020.01.06"]

1. e4 c6 2. d4 d5 3. exd5 cxd5 4. Bd3 Nc6 5. c3 Qc7 6. h3 Nf6 7. Nf3 e6 8. O-O
Bd6 9. Re1 b6 10. Qe2 Bb7 11. Ne5 O-O 12. Bf4 Ne4 13. Nd2 Bxe5 14. Bxe5 Nxe5 15.
dxe5 Nxd2 16. Qxd2 a5 17. Re3 Ba6 18. Bc2 Rfd8 19. Rae1 Rac8 20. Rg3 Qe7 21. Qd4
Rc5 22. h4 Rb8 23. b3 Rbc8 24. h5 h6 25. Ree3 Kh8 26. Ref3 Be2 27. Rf6 Bxh5 28.
Qh4 g6 29. Qxh5 Rxc3 30. Qxh6+ Kg8 31. Rfxg6+ fxg6 32. Qxg6+ Kf8 33. Qg8# 1-0

[Event "PRO League Group Stage"]
[Site "chess.com INT"]
[Date "2020.01.13"]
[Round "2"]
[White "Naroditsky, Daniel"]
[Black "Bruzon Batista, Lazaro"]
[Result "1-0"]
[WhiteTitle "GM"]
[BlackTitle "GM"]
[WhiteElo "2621"]
[BlackElo "2640"]
[WhiteTeam "California Unicorns"]
[BlackTeam "Chicago Wind"]
[WhiteFideId "2026961"]
[BlackFideId "3503739"]
[EventDate "2020.01.06"]

1. e4 e5 2. Nf3 Nc6 3. Bb5 Nf6 4. O-O Nxe4 5. d4 Nd6 6. Ba4 e4 7. Re1 Be7 8. Ne5
O-O 9. Nc3 Bf6 10. Bf4 Nf5 11. Rxe4 Nfxd4 12. Ng4 Ne6 13. Nxf6+ Qxf6 14. Nd5 Qd8
15. Qh5 Nxf4 16. Rxf4 d6 17. c3 Ne5 18. Re1 Ng6 19. Bc2 Be6 20. Nf6+ gxf6 21.
Rh4 Re8 22. Bxg6 fxg6 23. Qxh7+ Kf8 24. Rxe6 1-0

[Event "PRO League Group Stage"]
[Site "chess.com INT"]
[Date "2020.01.13"]
[Round "2"]
[White "Shankland, Sam"]
[Black "Robson, Ray"]
[Result "1-0"]
[WhiteTitle "GM"]
[BlackTitle "GM"]
[WhiteElo "2683"]
[BlackElo "2673"]
[WhiteTeam "California Unicorns"]
[BlackTeam "Chicago Wind"]
[WhiteFideId "2004887"]
[BlackFideId "2023970"]
[EventDate "2020.01.06"]

1. d4 d5 2. c4 c6 3. Nf3 Nf6 4. Qc2 dxc4 5. Qxc4 Bf5 6. g3 e6 7. Bg2 Be7 8. O-O
O-O 9. Qb3 Qb6 10. Nbd2 Nbd7 11. Nc4 Qa6 12. Bf4 Be4 13. Bd6 Bd5 14. Bxe7 Bxc4
15. Qc2 Rfe8 16. Bxf6 Nxf6 17. Rfe1 Rad8 18. b3 Bd5 19. e4 Bxe4 20. Rxe4 Nxe4
21. Qxe4 Qa5 22. Qe3 Rd6 23. Ne5 Qd8 24. Nf3 Qf6 25. Rc1 Red8 26. h4 Qf5 27. Bf1
Qa5 28. Rc2 Qf5 29. Bd3 Qf6 30. Be4 a6 31. Kg2 R6d7 32. Rc5 Rd6 33. b4 R6d7 34.
a4 Qe7 35. Qc3 h6 36. h5 Qf6 37. b5 cxb5 38. axb5 axb5 39. Rxb5 Qe7 40. Qb2 Qf6
41. Bxb7 Rb8 42. Be4 Rxb5 43. Qxb5 Qe7 44. Ne5 Rd8 45. Qc5 Qf6 46. f4 Re8 47. d5
Qd8 48. d6 Qb8 49. d7 Rd8 50. Qe7 Qb2+ 51. Kh3 1-0

[Event "PRO League Group Stage"]
[Site "chess.com INT"]
[Date "2020.01.13"]
[Round "2"]
[White "Sarana, Alexey"]
[Black "Nyzhnyk, Illya"]
[Result "1/2-1/2"]
[WhiteTitle "GM"]
[BlackTitle "GM"]
[WhiteElo "2656"]
[BlackElo "2662"]
[WhiteTeam "California Unicorns"]
[BlackTeam "Chicago Wind"]
[WhiteFideId "24133795"]
[BlackFideId "14118084"]
[EventDate "2020.01.06"]

1. d4 d6 2. e4 Nd7 3. Nc3 e5 4. Nf3 Ngf6 5. Bc4 Be7 6. O-O O-O 7. a4 a5 8. Re1
c6 9. h3 Nb6 10. Bb3 Nfd7 11. dxe5 dxe5 12. Be3 Qc7 13. Ng5 Bxg5 14. Bxg5 Nc5
15. Be3 Rd8 16. Qc1 Nxb3 17. cxb3 Ra6 18. Nb5 Qb8 19. Bxb6 Rxb6 20. Qc5 Ra6 21.
Qe7 Bd7 22. Red1 cxb5 23. Rxd7 Rxd7 24. Qxd7 bxa4 25. Rd1 h6 26. Qe7 Re6 27.
Rd8+ Kh7 28. Qd7 Qa7 29. Qxf7 Rf6 30. Qg8+ Kg6 31. Qe8+ Kh7 32. Qg8+ Kg6 33.
Qe8+ Kh7 34. Qg8+ 1/2-1/2

[Event "PRO League Group Stage"]
[Site "chess.com INT"]
[Date "2020.01.13"]
[Round "2"]
[White "Bruzon Batista, Lazaro"]
[Black "Swiercz, Dariusz"]
[Result "1-0"]
[WhiteTitle "GM"]
[BlackTitle "GM"]
[WhiteElo "2640"]
[BlackElo "2659"]
[WhiteTeam "Chicago Wind"]
[BlackTeam "California Unicorns"]
[WhiteFideId "3503739"]
[BlackFideId "1126881"]
[EventDate "2020.01.06"]

1. d4 Nf6 2. Nf3 d5 3. c4 e6 4. e3 b6 5. b3 Bb7 6. Bd3 Bb4+ 7. Nbd2 Nbd7 8. O-O
O-O 9. Bb2 Ne4 10. Qc2 f5 11. Rfd1 c6 12. Rac1 Rc8 13. Nf1 Be7 14. Ng3 Qe8 15.
Qe2 g5 16. cxd5 cxd5 17. Bb5 Qd8 18. Rxc8 Bxc8 19. Rc1 g4 20. Ne1 Nxg3 21. hxg3
Nf6 22. Ba6 Qd7 23. Bb5 Qd8 24. Nd3 a6 25. Bc6 Bd6 26. Ne5 Qe7 27. Rc2 Kg7 28.
Qe1 Rd8 29. Qc1 Qf8 30. f3 Kh8 31. Bc3 Qg8 32. Be1 Rf8 33. a3 Nh5 34. fxg4 fxg4
35. e4 Nf6 36. exd5 exd5 37. Bb4 Bxb4 38. axb4 Bf5 39. Rf2 Ne4 40. Bxd5 Qxd5 41.
Rxf5 Qxd4+ 42. Kh2 Qd6 43. Nf7+ Rxf7 44. Rxf7 Qxg3+ 45. Kg1 Qb8 46. Qh6 Qg8 47.
Rf8 1-0

[Event "PRO League Group Stage"]
[Site "chess.com INT"]
[Date "2020.01.13"]
[Round "2"]
[White "Shimanov, Aleksandr"]
[Black "Naroditsky, Daniel"]
[Result "0-1"]
[WhiteTitle "GM"]
[BlackTitle "GM"]
[WhiteElo "2587"]
[BlackElo "2621"]
[WhiteTeam "Chicago Wind"]
[BlackTeam "California Unicorns"]
[WhiteFideId "4198603"]
[BlackFideId "2026961"]
[EventDate "2020.01.06"]

1. d4 Nf6 2. Bg5 Ne4 3. Bf4 Nc6 4. Nf3 d5 5. e3 a6 6. Nbd2 Nxd2 7. Qxd2 Bf5 8.
Be2 e6 9. O-O Bd6 10. Bxd6 cxd6 11. a4 a5 12. Bb5 O-O 13. c3 Rc8 14. Rfc1 Qf6
15. b4 Rc7 16. Qb2 Rfc8 17. Bf1 h6 18. Nd2 e5 19. bxa5 Nxa5 20. Qb6 Nc6 21. a5
Nd8 22. Qb2 Qe7 23. Ra3 exd4 24. exd4 Ne6 25. Re1 Qf6 26. Qb4 Nf4 27. Re3 Qg6
28. Rg3 Qe6 29. Ra1 Ne2+ 30. Bxe2 Qxe2 31. Nf1 Qa6 32. h4 Be6 33. Re1 Rc4 34.
Qa3 Qc6 35. Ree3 Ra4 36. Qc1 Kh8 37. Qe1 Rxa5 38. Kh2 Ra2 39. Nd2 Rca8 40. Nf3
Ra1 41. Qd2 R8a2 42. Qd3 Rxf2 43. Rxe6 fxe6 44. Qg6 Qd7 45. Ng5 hxg5 46. Qh5+
Kg8 47. hxg5 Rff1 48. Rh3 Rh1+ 49. Kg3 Rxh3+ 50. gxh3 Qf7 0-1

[Event "PRO League Group Stage"]
[Site "chess.com INT"]
[Date "2020.01.15"]
[Round "2"]
[White "Petrosian, Tigran L."]
[Black "Li, Chao b"]
[Result "0-1"]
[WhiteTitle "GM"]
[BlackTitle "GM"]
[WhiteElo "2601"]
[BlackElo "2683"]
[WhiteTeam "Armenia Eagles"]
[BlackTeam "China Pandas"]
[WhiteFideId "13301616"]
[BlackFideId "8604436"]
[EventDate "2020.01.06"]

1. Nf3 c5 2. c4 Nf6 3. Nc3 b6 4. e3 Bb7 5. d4 cxd4 6. Nxd4 e6 7. Qc2 Be7 8. Be2
Nc6 9. Nxc6 Bxc6 10. O-O O-O 11. Rd1 Qc7 12. b3 Qb7 13. Bf1 Rac8 14. Bb2 d5 15.
cxd5 Nxd5 16. Nxd5 Bxd5 17. Qe2 Rfd8 18. Rd2 Be4 19. Rad1 Rxd2 20. Rxd2 Bb4 21.
Rd4 Bf8 22. Qd1 Bd5 23. Rd2 a5 24. Qg4 f5 25. Qg3 Qc7 26. Ba6 Qxg3 27. hxg3 Rc7
28. Bd4 Bb4 29. Re2 Rc1+ 30. Kh2 Bc5 31. Bxc5 bxc5 32. g4 fxg4 33. e4 Bc6 34.
Kg3 h5 35. Kh4 Rh1+ 36. Kg5 Kf7 37. g3 Ke7 38. e5 Rc1 39. Bd3 a4 40. bxa4 Bxa4
41. Re4 Be8 42. Rc4 Rd1 43. Be4 Rd2 44. a4 Rxf2 45. a5 Re2 46. Kf4 Re1 47. Kg5
Kd8 48. a6 Ra1 49. Bg6 Bxg6 50. Kxg6 Rxa6 51. Rxc5 Ra3 52. Kxh5 Rxg3 53. Kg5 Rf3
54. Kxg4 Rf5 55. Rb5 Ke7 56. Rb7+ Kf8 57. Rb5 Kf7 58. Rb7+ Kg6 59. Rb5 Kh6 60.
Ra5 g5 61. Rb5 Kg6 62. Kg3 Kh5 63. Ra5 Kh6 64. Kg4 Kg6 65. Kg3 Rf4 66. Ra8 Kf5
67. Rg8 Re4 68. Rf8+ Kxe5 69. Rg8 Kf6 70. Rf8+ Kg6 71. Rg8+ Kf6 72. Rf8+ Kg7 73.
Rc8 Rf4 74. Rd8 Kg6 75. Rg8+ Kf5 76. Rf8+ Ke4 77. Rg8 Rf5 78. Kg4 e5 79. Ra8 Rf1
80. Ra4+ Kd3 81. Ra3+ Kc4 82. Ra4+ Kb5 83. Re4 Rf4+ 0-1

[Event "PRO League Group Stage"]
[Site "chess.com INT"]
[Date "2020.01.15"]
[Round "2"]
[White "Wen, Yang"]
[Black "Andriasian, Zaven"]
[Result "1-0"]
[WhiteTitle "GM"]
[BlackTitle "GM"]
[WhiteElo "2594"]
[BlackElo "2611"]
[WhiteTeam "China Pandas"]
[BlackTeam "Armenia Eagles"]
[WhiteFideId "8602956"]
[BlackFideId "13302000"]
[EventDate "2020.01.06"]

1. e4 c5 2. Nf3 d6 3. d4 cxd4 4. Nxd4 Nf6 5. Nc3 Nc6 6. Bg5 e6 7. Qd2 a6 8.
O-O-O Be7 9. f4 Qc7 10. Kb1 Bd7 11. Nf3 b5 12. e5 dxe5 13. fxe5 Nd5 14. Nxd5
exd5 15. Qxd5 Be6 16. Qe4 Rc8 17. Bxe7 Nxe7 18. Bd3 Bf5 19. Qe2 O-O 20. Bxf5
Nxf5 21. Rd3 Rfe8 22. Rhd1 Qc4 23. b3 Qc5 24. Qd2 h6 25. Rd5 Qc6 26. Qd3 Qe6 27.
h3 b4 28. Qe4 Ng3 29. Qxb4 Ne2 30. R5d3 Qc6 31. R1d2 Nc3+ 32. Kb2 Ne4 33. Re2
Ng3 34. Nd4 Qa8 35. Ree3 Ne4 36. Nf5 Nc5 37. Rc3 a5 38. Qg4 Ne6 39. Nxh6+ Kf8
40. Nf5 a4 41. Qh4 a3+ 42. Kc1 Kg8 43. Rxc8 Qxc8 44. Ne7+ Rxe7 45. Qxe7 Nd4 46.
c4 Nf5 47. Qg5 Qc5 48. Rd3 Qg1+ 49. Kd2 Qf2+ 50. Kc3 Qe1+ 51. Kc2 Qe2+ 52. Rd2
Qe4+ 53. Rd3 Qe2+ 54. Kc3 Qxe5+ 55. Kb4 g6 56. Qd8+ Kg7 57. Qd5 Qb2 58. Rd2 Qc1
59. Qe5+ Kh7 60. Qc3 Qe1 61. Kxa3 Ne3 62. Rd3 Nxc4+ 63. Qxc4 1-0

[Event "PRO League Group Stage"]
[Site "chess.com INT"]
[Date "2020.01.15"]
[Round "2"]
[White "Li, Di"]
[Black "Chigaev, Maksim"]
[Result "0-1"]
[WhiteTitle "GM"]
[BlackTitle "GM"]
[WhiteElo "2562"]
[BlackElo "2616"]
[WhiteTeam "China Pandas"]
[BlackTeam "Armenia Eagles"]
[WhiteFideId "8607508"]
[BlackFideId "4108116"]
[EventDate "2020.01.06"]

1. Nf3 Nf6 2. g3 g6 3. Bg2 Bg7 4. O-O O-O 5. d4 d5 6. c3 Nbd7 7. Re1 Re8 8. Bf4
c6 9. Qc1 Nh5 10. Bg5 Qc7 11. e4 dxe4 12. Rxe4 e5 13. Re1 e4 14. Nfd2 f6 15. Be3
f5 16. f3 exf3 17. Nxf3 Ndf6 18. Na3 Be6 19. Bh6 Bd5 20. Bxg7 Kxg7 21. Ne5 Rad8
22. Qc2 c5 23. Rad1 a6 24. Bxd5 Nxd5 25. Qf2 Nhf6 26. Nac4 Ne4 27. Qf3 cxd4 28.
cxd4 b5 29. Nd2 Ndf6 30. Nxe4 Nxe4 31. g4 Qb6 32. gxf5 Rxd4 33. Qe3 Rxd1 34.
Qxb6 Rxe1+ 35. Kg2 Rxe5 36. Qc7+ Kf6 37. Qxh7 Kxf5 38. Qh3+ Kg5 39. Qf3 Rf5 40.
h4+ Kh6 41. Qa3 Rf2+ 42. Kh3 Rh1+ 43. Kg4 Rg1+ 0-1

[Event "PRO League Group Stage"]
[Site "chess.com INT"]
[Date "2020.01.15"]
[Round "2"]
[White "Li, Chao b"]
[Black "Sadhwani, Raunak"]
[Result "1-0"]
[WhiteTitle "GM"]
[BlackTitle "IM"]
[WhiteElo "2683"]
[BlackElo "2522"]
[WhiteTeam "China Pandas"]
[BlackTeam "Armenia Eagles"]
[WhiteFideId "8604436"]
[BlackFideId "35093487"]
[EventDate "2020.01.06"]

1. e4 e5 2. Nf3 Nc6 3. Bc4 Nf6 4. Ng5 d5 5. exd5 Na5 6. d3 h6 7. Nf3 e4 8. Nfd2
Nxc4 9. dxc4 Bd6 10. Nc3 O-O 11. O-O Bxh2+ 12. Kxh2 Ng4+ 13. Kg3 Qd6+ 14. f4 Qg6
15. Qe2 e3 16. Nde4 Bf5 17. b3 Rfe8 18. Bb2 Nf2+ 19. Kh2 Bxe4 20. Rxf2 exf2 21.
Qxf2 Bxc2 22. Nb5 Re7 23. Be5 c6 24. Nd4 Bf5 25. dxc6 bxc6 26. Qg3 Qxg3+ 27.
Kxg3 Be4 28. c5 Rd8 29. Bd6 Red7 30. Re1 f5 31. Kf2 Rxd6 32. cxd6 Rxd6 33. Nf3
c5 34. Rc1 Rd5 35. Rc4 Kf8 36. Ra4 Rd7 37. Ra5 Rc7 38. Ne5 Ke7 39. Ra6 Rb7 40.
g3 Bd5 41. Ke3 Rc7 42. Kd3 Rb7 43. Kc3 Rc7 44. Rg6 Kf8 45. Rd6 Be4 46. Kc4 Ke7
47. Ra6 Bg2 48. Rg6 Kf8 49. Re6 Be4 50. a4 Bg2 51. a5 1-0

[Event "PRO League Group Stage"]
[Site "chess.com INT"]
[Date "2020.01.15"]
[Round "2"]
[White "Chigaev, Maksim"]
[Black "Wen, Yang"]
[Result "0-1"]
[WhiteTitle "GM"]
[BlackTitle "GM"]
[WhiteElo "2616"]
[BlackElo "2594"]
[WhiteTeam "Armenia Eagles"]
[BlackTeam "China Pandas"]
[WhiteFideId "4108116"]
[BlackFideId "8602956"]
[EventDate "2020.01.06"]

1. e4 e5 2. Nf3 Nc6 3. Bc4 Bc5 4. c3 Nf6 5. d3 d6 6. O-O O-O 7. Re1 Ne7 8. Nbd2
Ng6 9. Nf1 c6 10. Bb3 Bb6 11. Ng3 h6 12. h3 d5 13. exd5 Nxd5 14. Nh5 Re8 15. Qd2
Bf5 16. Nxg7 Kxg7 17. Qxh6+ Kg8 18. Ng5 Nf8 19. Be3 Bg6 20. Rad1 Qf6 21. Bxb6
axb6 22. Nf3 Nd7 23. d4 exd4 24. Rxe8+ Rxe8 25. Rxd4 Ne5 26. Bxd5 cxd5 27. Nh4
Rd8 28. Rf4 Qg7 29. Qg5 Re8 30. Rd4 Be4 31. Qxg7+ Kxg7 32. f3 Bb1 33. Rxd5 Bxa2
34. Rb5 Nd7 35. Nf5+ Kf6 36. Nd6 Rb8 37. h4 Ke6 38. Ne4 f6 39. h5 Bd5 40. Nf2
Bc6 41. Rb4 Rh8 42. Nh3 b5 43. Kf2 Ne5 44. Rh4 Nd3+ 45. Ke3 Nxb2 46. g4 Nc4+ 47.
Kf4 Ne5 48. Ng1 Ng6+ 49. hxg6 Rxh4 50. Ne2 Rh6 51. Nd4+ Kd7 52. Kf5 Ke7 53.
Nxc6+ bxc6 54. f4 Rh1 55. g5 fxg5 56. Kxg5 Rg1+ 57. Kf5 c5 0-1

[Event "PRO League Group Stage"]
[Site "chess.com INT"]
[Date "2020.01.15"]
[Round "2"]
[White "Chigaev, Maksim"]
[Black "Li, Chao b"]
[Result "1/2-1/2"]
[WhiteTitle "GM"]
[BlackTitle "GM"]
[WhiteElo "2616"]
[BlackElo "2683"]
[WhiteTeam "Armenia Eagles"]
[BlackTeam "China Pandas"]
[WhiteFideId "4108116"]
[BlackFideId "8604436"]
[EventDate "2020.01.06"]

1. e4 c5 2. Nf3 d6 3. d4 cxd4 4. Qxd4 Nc6 5. Bb5 Bd7 6. Qd3 Nf6 7. c4 g6 8. O-O
Bg7 9. Nc3 O-O 10. h3 a6 11. Bxc6 Bxc6 12. Nd4 Rc8 13. Be3 Bd7 14. Rac1 h6 15.
b3 Qa5 16. Qd2 Kh7 17. Rfd1 b5 18. cxb5 axb5 19. f3 b4 20. Nb1 Ra8 21. Rc2 Rfc8
22. Rxc8 Rxc8 23. a4 e5 24. Nc2 Be6 25. Qxb4 Qxb4 26. Nxb4 Bxb3 27. Rxd6 Bxa4
28. Ra6 Bb3 29. Nd2 Be6 30. Kf2 Bf8 31. Nd3 Nd7 32. Ra7 1/2-1/2

[Event "PRO League Group Stage"]
[Site "chess.com INT"]
[Date "2020.01.15"]
[Round "2"]
[White "Wen, Yang"]
[Black "Sadhwani, Raunak"]
[Result "0-1"]
[WhiteTitle "GM"]
[BlackTitle "IM"]
[WhiteElo "2594"]
[BlackElo "2522"]
[WhiteTeam "China Pandas"]
[BlackTeam "Armenia Eagles"]
[WhiteFideId "8602956"]
[BlackFideId "35093487"]
[EventDate "2020.01.06"]

1. e4 e5 2. Nf3 Nc6 3. Bc4 Nf6 4. d3 h6 5. c3 d6 6. Bb3 g5 7. h3 Bg7 8. Nbd2 Be6
9. Nf1 d5 10. Ng3 Qd6 11. exd5 Nxd5 12. Nh5 Rg8 13. Nxg7+ Rxg7 14. d4 O-O-O 15.
dxe5 Nxe5 16. Nxe5 Qxe5+ 17. Qe2 Qf6 18. Qf3 Qe5+ 19. Qe2 Qf6 20. Qf3 Qxf3 21.
gxf3 Rg6 22. h4 gxh4 23. Rxh4 Rg1+ 24. Ke2 Bf5 25. Rxh6 Re8+ 26. Be3 Nf4+ 27.
Kd2 Rd8+ 28. Bd4 Rxa1 29. Rf6 Be6 30. Rxf4 c5 0-1